000
00318nam a22001337a 4500
008
181102b xxu||||| |||| 00| 0 eng d
020
_a
0030617014
041
_a
eng
080
_a
101
100
_a
34
101
_a
FIL
245
_a
Philosophy and Contemporary Problems: A Reader
_c
Popkin,R.H
942
_2
udc
_c
BK
999
_c
51770
_d
51770